Con el ánimo perplejo : un ensayo sobre la izquierda en democracia /

Сохранить в:
Библиографические подробности
Главный автор: Martínez González, Víctor Hugo (autor)
Формат:
Язык:испанский
Опубликовано: México : Gedisa : Universidad Autónoma de la Ciudad de México, 2019, c2019
Серии:(Palabras Autónomas)
Предметы:
Метки: Добавить метку
Нет меток, Требуется 1-ая метка записи!

MARC

LEADER 00000nam^a2200000^a^4500
001 000453041
005 20250521000000.0
009 20260526145506.951
020 |a 978-84-17835-90-3 
020 |a 978-607-8692-14-9 
037 |a Acervo ITESO - Biblioteca 
041 |a ESP 
082 |a 320. 01  |b MAR 
100 |a Martínez González, Víctor Hugo  |e (autor) 
245 1 0 |a Con el ánimo perplejo :  |b un ensayo sobre la izquierda en democracia /  |c V.H. Martínez González. 
264 4 |a México :  |b Gedisa :  |b Universidad Autónoma de la Ciudad de México,  |c 2019, c2019 
300 |a 211 p. 
336 |a texto  |b txt  |2 rdacontenido 
337 |a sin mediación  |b n  |2 rdamedio 
338 |a volumen  |b nc  |2 rdasoporte 
440 1 |a (Palabras Autónomas) 
649 |a XX 
650 |a Izquierda, La -  |x Tema Principal 
650 |a Cambios Políticos 
650 |a Liberalismo y Neoliberalismo Económicos 
650 |a Liberalismo 
650 |a Democracia -  |x Tema Principal 
650 |a Proceso Político 
650 |a Política -  |x Teoría 
910 |a Fondo General 
920 |a Impresos - Libros 
930 |a Colección General 
905 |a 101 
901 |a 0500368564  |b IT1  |c ACC  |i C179535  |u 20250521 
902 |a https://opac.biblio.iteso.mx/vufind/Record/000453041